The genealogies recorded in the sacred scriptures, according to euery familie and tribe: : With the line of ovr sauiour Iesus Christ observed from Adam, to the blessed virgin Mary. /

Bibliographic Details
Main Author: Speed, John, 1552?-1629
Format: eBook
Language:English
Published: [S.l. : F. Kingston, 1632?]
Series:Early English books online.
Subjects:
Online Access:Connect to the full text of this electronic book

MARC

Tag First Indicator Second Indicator Subfields
LEADER 00000nam a2200000Ia 4500
001 in00004183113
005 20200807084549.0
006 m g d
007 cr bn |||a|bb|
008 061013s1632 xx abj o 000 0 eng d
040 |a UMI  |c UMI  |e dcrb  |d UMI 
035 |a (OCoLC)72799878 
037 |a CL0036000076  |b ProQuest Information and Learning. 300 N. Zeeb Rd., Ann Arbor, MI 48106 
090 |a BS569.S63  |b 1632 
049 |a UMIA 
100 1 |a Speed, John,  |d 1552?-1629. 
245 1 4 |a The genealogies recorded in the sacred scriptures, according to euery familie and tribe: :  |b With the line of ovr sauiour Iesus Christ observed from Adam, to the blessed virgin Mary. /  |c by J.S.. 
246 3 |a Genealogies recorded in the sacred scriptures, according to every family and tribe 
260 |a [S.l. :  |b F. Kingston,  |c 1632?] 
300 |a 1 online resource ([2], 34, [2] pages :  |b illustrations, map, genealogical tables. 
336 |a text  |b txt  |2 rdacontent 
337 |a computer  |b c  |2 rdamedia 
338 |a online resource  |b cr  |2 rdacarrier 
500 |a J.S. = John Speed. 
500 |a Printer and date of publication suggested by STC (2nd edition). 
500 |a Title within ornamental border, title vignette, headpieces, initials. 
500 |a The final two pages contain "A description of Canaan, and the bordering countries" with a woodcut map. 
500 |a Signatures: A-D⁴ E-F². 
500 |a "Cum Priuilegio." 
500 |a Reproduction of original in: British Library. 
510 4 |a STC (2nd edition)  |c 23039a.4 
533 |a Electronic reproduction.  |b Ann Arbor, Mich. :  |c UMI,  |d 1999-  |f (Early English books online)  |n Digital version of: (Early English books, 1475-1640 ; 2229:12)  |7 s1999 miun s 
600 1 0 |a Jesus Christ  |v Genealogy  |v Early works to 1800. 
650 0 |a Genealogy in the Bible  |v Early works to 1800. 
830 0 |a Early English books online. 
856 4 0 |u http://proxy.library.tamu.edu/login?url=https://search.proquest.com/docview/2248534413  |z Connect to the full text of this electronic book  |t 0 
994 |a 11  |b UMI 
999 f f |s b1a629c2-1be9-3b1e-8ec5-63631dde84ff  |i 922612b8-f4eb-3a44-b666-5b516f2a383a  |t 0 
952 f f |a Texas A&M University  |b College Station  |c Electronic Resources  |d Available Online  |t 0  |e BS569.S63 1632  |h Library of Congress classification 
998 f f |a BS569.S63 1632  |t 0  |l Available Online